000 01041cad a22002175a 4500
001 L156405
008 120214s2012 xxk 000 0 eng d
035 _a(Sirsi) u156405
041 0 _aeng
050 _a338.47624 $2 18
110 2 _aRoyal Institution of Chartered Surveyors
_bEconomics
_95033
245 0 0 _aRICS construction market survey
_bUnited Kingdom, first quarter 2012
_h[electronic resource]
260 _aLondon
_bRICS
_c2012
490 _aRICS Construction Market Survey United Kingdom
_vFirst Quarter 2012
520 _aThe Q1 2012 Construction Market Survey shows Total workloads edge upwards after two quarters of decline and private sector workloads rise while the public sector remains weak. Forward looking indicators on workloads and employment turn are more positive.
590 _aKA
651 4 _aUnited Kingdom
_y
690 _aConstruction management
_96230
856 4 0 _uhttps://www.rics.org/site/download_feed.aspx?fileID=11930&fileExtension=PDF
_zView the report free of charge at www.rics.org.
942 _n0
999 _c114241
_d114241